Mr. Hamish Gleave : a novel /

Based on the case of Burgess and MacLean, the two British diplomats who fled behind the Iron Curtain in 1951.

Bibliographic Details
Main Author: Llewellyn, Richard (Author)
Format: Book
Language:English
Published: New York : Doubleday & Company, 1956.
Edition:1st ed.
Subjects:

MARC

Tag First Indicator Second Indicator Subfields
LEADER 00000cam a22000001 4500
001 in00000033940
005 20240807175419.5
008 750610s1956 nyu 000 f eng
010 |a  56005588  
019 |a 1154512898 
029 1 |a AU@  |b 000020898780 
029 1 |a AU@  |b 000026523820 
035 |a (OCoLC)ocm01383235 
035 |a (OCoLC)1383235  |z (OCoLC)1154512898 
035 |a (OCoLC)ocm01383235 
040 |a DLC  |b eng  |c ORL  |d DLC  |d BTCTA  |d JRV  |d OCLCQ  |d J9U  |d UMK  |d OCLCO  |d OCLCF  |d OCLCO  |d YBM  |d OCLCO  |d OCLCL  |d TXA 
043 |a e-uk--- 
050 4 |a PR6023.L47  |b M57 1956 
082 0 4 |a 823.9  |b L791m 
100 1 |a Llewellyn, Richard,  |e author. 
245 1 0 |a Mr. Hamish Gleave :  |b a novel /  |c by Richard Llewellyn. 
250 |a 1st ed. 
264 1 |a New York :  |b Doubleday & Company,  |c 1956. 
300 |a 316 pages ;  |c 22 cm 
336 |a text  |b txt  |2 rdacontent 
337 |a unmediated  |b n  |2 rdamedia 
338 |a volume  |b nc  |2 rdacarrier 
520 |a Based on the case of Burgess and MacLean, the two British diplomats who fled behind the Iron Curtain in 1951. 
500 |a The Cushing Library/Women & Gender Studies copy was acquired as part of The Don Kelly Research Collection of Gay Literature and Culture.  |5 TXA 
650 0 |a Diplomats  |v Fiction. 
610 1 0 |a Great Britain.  |b Foreign Office  |v Fiction. 
650 6 |a Diplomates  |v Romans, nouvelles, etc. 
655 2 |a Fictional Work 
655 7 |a Novels.  |2 lcgft 
655 7 |a Romans.  |2 rvmgf 
758 |i has work:  |a Mr. Hamish Gleave (Text)  |1 https://id.oclc.org/worldcat/entity/E39PD3Hy7yxdGkbvMGRdf96ywK  |4 https://id.oclc.org/worldcat/ontology/hasWork 
776 0 8 |i Online version:  |a Llewellyn, Richard.  |t Mr. Hamish Gleave.  |b [1st ed.].  |d New York, Doubleday, 1956  |w (OCoLC)624464705 
938 |a Baker and Taylor  |b BTCP  |n 56005588 
948 |h HELD BY TXA - 276 OTHER HOLDINGS 
994 |a Z0  |b TXA 
999 f f |s 42e5ea31-420c-3c96-9a80-bcced1b2609b  |i ca38faad-1a95-36ac-90d2-2467434a0f05  |t 0 
952 f f |p ric  |a Texas A&M University  |b Rellis Campus  |c Joint Library Facility  |d Remote Storage  |t 0  |e PR6023.L47 M57 1956  |h Library of Congress classification  |i unmediated -- volume  |m A14801323880 
952 f f |p noncirc  |a Texas A&M University  |b College Station  |c Cushing Memorial Library & Archives  |d Cushing: Women & Gender Studies (Does not check out)  |t 0  |e PR6023.L47 M57 1956  |h Library of Congress classification  |i unmediated -- volume  |m A1485330796D 
998 f f |a PR6023.L47 M57 1956  |t 0  |l Cushing: Women & Gender Studies (Does not check out) 
998 f f |a PR6023.L47 M57 1956  |t 0  |l Remote Storage